ბათუმის შოთა რუსთაველის სახელმწიფო უნივერსიტეტის ბიბლიოთეკა

Bridging the Gap to University Mathematics / (ბიბ.ჩანაწერი № 61276)

000 -LEADER
fixed length control field 00584nam a22001817a 4500
005 - DATE AND TIME OF LATEST TRANSACTION
control field 20240125095834.0
008 - FIXED-LENGTH DATA ELEMENTS--GENERAL INFORMATION
fixed length control field 240124s2009 enk||||| |||| 00| 0 eng d
020 ## - INTERNATIONAL STANDARD BOOK NUMBER
International Standard Book Number 9781848002890x
041 ## - LANGUAGE CODE
Language code of text/sound track or separate title eng
080 ## - UNIVERSAL DECIMAL CLASSIFICATION NUMBER
Universal Decimal Classification number 51(076.1) G-69
100 ## - MAIN ENTRY--PERSONAL NAME
Personal name Goud, M.
9 (RLIN) 21109
245 ## - TITLE STATEMENT
Title Bridging the Gap to University Mathematics /
Statement of responsibility, etc. Martin Gould, Edvard Hurst.
264 ## - PRODUCTION, PUBLICATION, DISTRIBUTION, MANUFACTURE, AND COPYRIGHT NOTICE
Place of production, publication, distribution, manufacture London:
Name of producer, publisher, distributor, manufacturer Springer,
Date of production, publication, distribution, manufacture, or copyright notice 2009.
300 ## - PHYSICAL DESCRIPTION
Extent 344 p.
Other physical details 24 cm.
653 ## - INDEX TERM--UNCONTROLLED
keyword უმაღლესი მათემატიკა
700 ## - ADDED ENTRY--PERSONAL NAME
Personal name Hursrt, Edvard
Relator term ავტორი
9 (RLIN) 21110
942 ## - ADDED ENTRY ELEMENTS (KOHA)
Source of classification or shelving scheme
Koha item type წიგნი
ეგზემპლარები
Withdrawn status Lost status Source of classification or shelving scheme Damaged status Not for loan Permanent Location Current Location Shelving location Date acquired Cost, normal purchase price Full call number Barcode Date last seen Copy number Price effective from Koha item type Public note
          ბათუმის შოთა რუსთაველის სახელმწიფო უნივერსიტეტის მთავარი ბიბლიოთეკა ბათუმის შოთა რუსთაველის სახელმწიფო უნივერსიტეტის მთავარი ბიბლიოთეკა წიგნსაცავი 2024-01-24 132.00 51(076.1) G-69 67167 2024-01-24 67167 2024-01-24 წიგნი 132 ლ.
          ბათუმის შოთა რუსთაველის სახელმწიფო უნივერსიტეტის მთავარი ბიბლიოთეკა ბათუმის შოთა რუსთაველის სახელმწიფო უნივერსიტეტის მთავარი ბიბლიოთეკა წიგნსაცავი 2024-01-24 132.00 51(076.1) G-69 67168 2024-01-24 67168 2024-01-24 წიგნი 132 ლ.